Normal view
MARC view
- إعداد عصام تركي أمين طرادات؛ إشراف محمد يوسف الزعبي
Entry Personal Name
001 - CONTROL NUMBER
- control field: 46710
003 - CONTROL NUMBER IDENTIFIER
- control field: JO-AjAnu
005 - DATE AND TIME OF LATEST TRANSACTION
- control field: 20230606081722.0
008 - FIXED-LENGTH DATA ELEMENTS
- fixed length control field: 230606|| aca||aabn | a|a d
040 ## - CATALOGING SOURCE
- Original cataloging agency: JO-AjAnu
- Transcribing agency: JO-AjAnu
100 ## - HEADING--PERSONAL NAME
- Personal name: إعداد عصام تركي أمين طرادات؛ إشراف محمد يوسف الزعبي
670 ## - SOURCE DATA FOUND
- Source citation: Work cat.: (JO-AjAnu)23909: إعداد عصام تركي أمين طرادات؛ إشراف محمد يوسف الزعبي, author, الأساس القانوني لرجوع المؤمن على الغير المتسبب بالضرر في التأمين من المسؤولية المدنية الناجمة عن حوادث المركبات